| 000 | 00619nam a2200217Ia 4500 | ||
|---|---|---|---|
| 003 | OSt | ||
| 005 | 20230623153850.0 | ||
| 008 | 210423s1999 xx 000 0 und d | ||
| 020 | _a81-85753-30-X | ||
| 040 | _cAL | ||
| 041 | _aeng | ||
| 082 | _a821.09 PRAC | ||
| 100 |
_aPRASAD (G J V) _9111723 |
||
| 245 | _aContinuities in Indian English poetry: nation language form | ||
| 260 |
_aDelhi _bPencraft international _c1999 |
||
| 300 |
_a198 _bHB |
||
| 365 |
_b400 _cINR |
||
| 650 |
_aEnglish Criticism _9111724 |
||
| 906 | _aContinuities ; english ; form ; Indian ; language ; nation ; poetry: | ||
| 942 |
_2ddc _cBK |
||
| 999 |
_c167983 _d167983 |
||